In'fo technology (IT) on the crossroad : (Record no. 1085)
[ view plain ]
| 000 -LEADER | |
|---|---|
| fixed length control field | 00738nam a2200241 4500 |
| 001 - CONTROL NUMBER | |
| control field | 1085 |
| 003 - CONTROL NUMBER IDENTIFIER | |
| rucl marc code | BD-RjUL |
| 005 - DATE AND TIME OF LATEST TRANSACTION | |
| control field | 20211208233255.0 |
| 008 - FIXED-LENGTH DATA ELEMENTS--GENERAL INFORMATION | |
| fixed length control field | 131124s1999 ii d|||| |||| 001 0 eng d |
| 020 ## - INTERNATIONAL STANDARD BOOK NUMBER | |
| International Standard Book Number | 8185070636 |
| 035 ## - SYSTEM CONTROL NUMBER | |
| System control number | (BD-RjUL)1107 |
| 040 ## - CATALOGING SOURCE | |
| Original cataloging agency | BD-RjUL |
| Language of cataloging | eng |
| Transcribing agency | BD-RjUL |
| 041 ## - LANGUAGE CODE | |
| Language code of text/sound track or separate title | eng |
| 082 04 - DEWEY DECIMAL CLASSIFICATION NUMBER | |
| Edition number | 23 |
| Classification number | 025.00285 |
| Author mark and year | PAI 1999 |
| 100 1# - MAIN ENTRY--PERSONAL NAME | |
| Personal name | Panda, K.C. |
| 9 (RLIN) | 3199 |
| 245 10 - TITLE STATEMENT | |
| Title | In'fo technology (IT) on the crossroad : |
| Remainder of title | from ab'acus to internet / |
| Statement of responsibility, etc. | K.C. Panda, J.N. Gautam. |
| 260 ## - PUBLICATION, DISTRIBUTION, ETC. (IMPRINT) | |
| Place of publication, distribution, etc. | Agra : |
| Name of publisher, distributor, etc. | Y.K. Publishers, |
| Date of publication, distribution, etc. | c1999. |
| 300 ## - PHYSICAL DESCRIPTION | |
| Pagination | xxx, 272 p. : |
| Illustrations | ill. ; |
| Size | 22 cm. |
| 504 ## - BIBLIOGRAPHY, ETC. NOTE | |
| Bibliography, etc | Includes bibliography and index. |
| 650 #0 - SUBJECT ADDED ENTRY--TOPICAL TERM | |
| Topical term or geographic name as entry element | Libraries |
| 9 (RLIN) | 3200 |
| General subdivision | Information technology. |
| 700 1# - ADDED ENTRY--PERSONAL NAME | |
| Personal name | Gautam, J.N. |
| 942 ## - ADDED ENTRY ELEMENTS (KOHA) | |
| Source of classification or shelving scheme | Dewey Decimal Classification |
| Koha item type | Books |
| Lost status | Source of classification or shelving scheme | Damaged status | Not for loan | Collection code | Permanent Location | Current Location | Shelving location | Date acquired | Total Checkouts | Full call number | Date last seen | Copy number | Koha item type | Source of acquisition |
|---|---|---|---|---|---|---|---|---|---|---|---|---|---|---|
| Dewey Decimal Classification | Non-fiction | Central Library, University of Rajshahi | Central Library, University of Rajshahi | 17/04/2008 | 025.00285 PAI 1999 | 24/11/2013 | C-3 | Books | ||||||
| Dewey Decimal Classification | Non-fiction | Central Library, University of Rajshahi | Central Library, University of Rajshahi | 17/04/2008 | 025.00285 PAI 1999 | 24/11/2013 | C-4 | Books | ||||||
| Dewey Decimal Classification | Non-fiction | Central Library, University of Rajshahi | Central Library, University of Rajshahi | 17/04/2008 | 025.00285 PAI 1999 | 24/11/2013 | C-5 | Books | ||||||
| Dewey Decimal Classification | Non-fiction | Central Library, University of Rajshahi | Central Library, University of Rajshahi | 13/04/2008 | 025.00285 PAI 1999 | 24/11/2013 | C-2 | Books | ||||||
| Dewey Decimal Classification | Not For Loan | Non-fiction | Central Library, University of Rajshahi | Central Library, University of Rajshahi | Reading Room | 13/04/2008 | 025.00285 PAI 1999 | 04/12/2016 | C-1 | Books | N/A |